Low-Cost Methods for Molecular Characterization of Mutant Plants: Tissue Desiccation, DNA Extraction and Mutation Discovery: Protocols (Record no. 24853)

MARC details
000 -LEADER
fixed length control field 00761nam a2200121Ia 4500
008 - FIXED-LENGTH DATA ELEMENTS--GENERAL INFORMATION
fixed length control field 220620s9999||||xx |||||||||||||| ||und||
100 ## - MAIN ENTRY--PERSONAL NAME
Personal name Till, Bradley J.||Jankowicz-Cieslak, Joanna||Huynh, Owen A.||Beshir, Mayada M.||Laport, Robert G.||Hofinger, Bernhard J.
245 #0 - TITLE STATEMENT
Title Low-Cost Methods for Molecular Characterization of Mutant Plants: Tissue Desiccation, DNA Extraction and Mutation Discovery: Protocols
546 ## - LANGUAGE NOTE
Language note English[eng]
650 ## - SUBJECT ADDED ENTRY--TOPICAL TERM
Topical term or geographic name entry element Plant Breeding/Biotechnology||Biological Techniques||Nucleic Acid Chemistry
856 ## - ELECTRONIC LOCATION AND ACCESS
Uniform Resource Identifier <a href="https://library.oapen.org/bitstream/20.500.12657/27721/1/1002285.pdf||https://library.oapen.org/bitstream/20.500.12657/27721/1/1002285.pdf||https://library.oapen.org/bitstream/20.500.12657/27721/1/1002285.pdf">https://library.oapen.org/bitstream/20.500.12657/27721/1/1002285.pdf||https://library.oapen.org/bitstream/20.500.12657/27721/1/1002285.pdf||https://library.oapen.org/bitstream/20.500.12657/27721/1/1002285.pdf</a>
942 ## - ADDED ENTRY ELEMENTS (KOHA)
Koha item type E-Books
Holdings
Withdrawn status Lost status Damaged status Not for loan Home library Current library Date acquired Total Checkouts Date last seen Price effective from Koha item type
        Kerala University of Digital Sciences, Innovation and Technology Knowledge Centre Kerala University of Digital Sciences, Innovation and Technology Knowledge Centre 20/06/2022   20/06/2022 20/06/2022 E-Books